00761nam a2200205Ia 4500001001000000003000500010008004100015010001100056040000900067100002800076245014400104260003400248300001100282502007400293650004000367650002800407650004300435650003600478710004100514Para_9444CHAP220125s2004 xx 000 0 und d a208130 cCHAP aMarini Mánica, Gerson aRelación del estado nutrimental de la planta con el daño causado por plagas y enfermedades (trofobiosis) /c por Gerson Marini Mánica aChapingo, Méx. :b el autor a108 h. aTesis (Ing. Agr. Agroecología) UACh. Departamento de Agroecología aPlantas x deficiencias nutritivas  aPlantas x nutrición  aPlantas x resistencia a enfermedades  aPlantas x resistencia a plagas aUACh. Departamento de Agroecología